Snatch-All main characters - Statistics

General Stats
  • This quiz has been taken 136 times
    132 since last reset
  • The average score is 10 of 21
Answer Stats
Characters % Correct
Turkish
91%
Tommy
90%
Brick Top
82%
Tyrone
80%
'One-Punch' Mickey O'Neil
77%
Bullet Tooth Tony
74%
Boris 'The Blade/The Bullet Dodger/The Sneaky Fucking Russian' Yurinov
71%
'Cousin Avi' Denovitz
68%
Gorgeous George
62%
Vincent
58%
Solomon
56%
Doug 'The Head'
47%
Errol
31%
John
24%
Mullet
21%
'Bad Boy' Lincoln
12%
Rosebud
8%
Darren
7%
Neil
5%
Susi
5%
Alex
4%
No matching quizzes found
Score Distribution
Percent of People with Each Score
Percentile by Number Answered
Your Score History
You have not taken this quiz since the last reset